| 000 | 00424nam a2200133Ia 4500 | ||
|---|---|---|---|
| 008 | 220216s9999 xx 000 0 und d | ||
| 100 | _aEllwood H | ||
| 245 | 0 | _aIntegrated mixing and extrusion system for particulated rubber compound | |
| 260 | _bProceedings of the International Rubber Conference, Venice, 1979; p738-744 | ||
| 650 | _aExtrusion | ||
| 650 | _aIntegrated mixing | ||
| 650 | _aRubber compound | ||
| 942 | _cJS | ||
| 999 |
_c53213 _d53213 |
||